1670: Characters by Picture - Statistics

General Stats
  • This quiz has been taken 11 times
  • The average score is 10 of 13
Answer Stats
Picture Answer % Correct
Jan Paweł Adamczewski
100%
Andrzej Pobreża
90%
Aniela Adamczewska
90%
Bogdan
90%
ks. Jakub Adamczewski
90%
Maciej
90%
Stanislaw Adamczewski
80%
Zofia Adamczewska
80%
Rozalia Ryczyńska
70%
Ciesław Ryczyński
60%
Henryk Lubopolski
50%
Ksiądz Żmija
50%
Zaszczany Jędrula
50%
No matching quizzes found
Score Distribution
Percent of People with Each Score
Percentile by Number Answered
Your Score History
You have not taken this quiz